The Egyptian economy current challenges and future prospects /

Bibliographic Details
Corporate Authors: Markaz al-Misri lil-Dirasat al-Iqtisadiyah., ProQuest (Firm)
Other Authors: Khayr al-Din, Hana.
Format: Electronic eBook
Language:English
Published: Cairo ; New York : American University in Cairo, 2008.
Subjects:
Online Access:Click to View
LEADER 01428nam a2200361Ia 4500
001 EBC3114758
003 MiAaPQ
005 20200520144314.0
006 m o d |
007 cr cn|||||||||
008 080505s2008 ua a sb 001 0 eng d
020 |z 9774161548 (pbk.) 
020 |z 9789774161544 (pbk.) 
035 |a (MiAaPQ)EBC3114758 
035 |a (Au-PeEL)EBL3114758 
035 |a (CaPaEBR)ebr10409569 
035 |a (CaONFJC)MIL662166 
035 |a (OCoLC)922965411 
040 |a MiAaPQ  |c MiAaPQ  |d MiAaPQ 
050 4 |a HC830  |b .E486 2008 
245 0 4 |a The Egyptian economy  |h [electronic resource] :  |b current challenges and future prospects /  |c edited by Hanaa Kheir -El-Din. 
260 |a Cairo ;  |a New York :  |b American University in Cairo,  |c 2008. 
300 |a xiii, 338 p. :  |b ill. 
500 |a "An Egyptian Center for Economic Studies Publication." 
504 |a Includes bibliographical references and index. 
533 |a Electronic reproduction. Ann Arbor, MI : ProQuest, 2015. Available via World Wide Web. Access may be limited to ProQuest affiliated libraries. 
650 0 |a Labor economics  |z Egypt. 
651 0 |a Egypt  |x Economic conditions  |y 1981- 
655 4 |a Electronic books. 
700 1 |a Khayr al-Din, Hana. 
710 2 |a Markaz al-Misri lil-Dirasat al-Iqtisadiyah. 
710 2 |a ProQuest (Firm) 
856 4 0 |u https://ebookcentral.proquest.com/lib/matrademy/detail.action?docID=3114758  |z Click to View